| Tag |
First Indicator |
Second Indicator |
Subfields |
| LEADER |
00000cam a2200000 4500 |
| 001 |
in00000048858 |
| 005 |
20151007075713.0 |
| 008 |
730228s1950 paua 00000 eng u |
| 010 |
|
|
|a 51001155
|
| 035 |
|
|
|a (OCoLC)00566025
|
| 035 |
|
|
|9 AAF3689AM
|
| 040 |
|
|
|c WSU
|d TXA
|d UtOrBLW
|
| 049 |
|
|
|a TXAM
|c [459107]
|
| 050 |
|
0 |
|a TP156.H78
|b C48
|
| 092 |
|
|
|a 660.28
|b C464a
|
| 100 |
1 |
|
|a Chaplin, Allen L.
|
| 245 |
1 |
0 |
|a Applications of industrial pH control.
|
| 264 |
|
1 |
|a Pittsburgh :
|b Instuments Pub. Co.,
|c 1950.
|
| 300 |
|
|
|a iv, 135 pages :
|b diagrams ;
|c 21 cm.
|
| 336 |
|
|
|a text
|b txt
|2 rdacontent
|
| 337 |
|
|
|a unmediated
|b n
|2 rdamedia
|
| 338 |
|
|
|a volume
|b nc
|2 rdacarrier
|
| 650 |
|
0 |
|a Hydrogen-ion concentration.
|
| 999 |
|
|
|a MARS
|
| 999 |
f |
f |
|s c2578e6a-a2d9-37af-a5d7-9171489fe6fa
|i 60d11d42-3bde-3818-933e-1965a658c0d6
|t 0
|
| 952 |
f |
f |
|p ric
|a Texas A&M University
|b Rellis Campus
|c Joint Library Facility
|d Remote Storage
|t 0
|e TP156.H78 C48
|h Library of Congress classification
|i unmediated -- volume
|m A14801108303
|
| 998 |
f |
f |
|a TP156.H78 C48
|t 0
|l Remote Storage
|